Normal view
MARC view
Entry Topical Term
001 - CONTROL NUMBER
- control field: 66785
003 - CONTROL NUMBER IDENTIFIER
- control field: OSt
005 - DATE AND TIME OF LATEST TRANSACTION
- control field: 20221219161609.0
008 - FIXED-LENGTH DATA ELEMENTS
- fixed length control field: 221219|| aca||aabn | a|a d
040 ## - CATALOGING SOURCE
- Original cataloging agency: OSt
- Transcribing agency: OSt
150 ## - HEADING--TOPICAL TERM
- Topical term or geographic name entry element: Hindi Criticism
670 ## - SOURCE DATA FOUND
- Source citation: Work cat.: (OSt)136893: BANNE (Pandith) 66784, Hindi ka vaishivak paridrashya, 2008